000 04086nab a2200325 i 4500
003 BR-BrBNA
005 20231212094320.0
008 230613b2022 bl.ar|pooa||| 00| 0 eng |
040 _aBR-BrBNA
_beng
072 _aF30
_b2110
072 _aH20
100 _aPires, José Luis
100 _aLuz, Edna Dora M. Newman
100 _aMonteiro, Wilson Reis
100 _aMelo, Gilson Roberto Pires
100 _aCruz, Cosme Damião
245 _aIdentification of resistance sources to witches'broom disease - cacao germplasm evaluation
500 _aPublicação on-line; 16 ref.; 6 tables; Summaries (En, Pt)
520 _a This work is part of the first studies that came to guide the recurrent selection processes for the association of resistance genes conducted by the Cacao Research Center, at Ilhéus, Bahia. Aiming to identify sources of witches’ broom disease resistance, a set of 573 accessions from the Cacao Germplasm Collection of this Center were evaluated for the variables number of vegetative brooms (VB), floral cushion brooms (CB), and total brooms (TB). In addition, the relationship between the per se performance of the accession and their general combining ability was analyzed using data of eight progenies trials, evaluated during several years. The lowest values for VB, CB and TB were observed in Scavina clones and descendants, Amazonian groups, and groups including materials selected for resistance. This study indicated ample possibilities of genetic gain and the occurrence of different resistance genes in the species. Also, indicated evolution of the pathogen, increasing its virulence over resistant materials, and the possibility of predicting the performance of progenies from their parent performances when the differences among them are large. Key words: Moniliophthora perniciosa, plant breeding, Theobroma cacao.
520 _a Identificação de fontes de resistência à doença de vassoura de bruxa - avaliação de germplasma de cacao. Este trabalho é parte dos primeiros estudos que viriam orientar os processos de seleção recorrente para associação de genes de resistência realizados pelo Centro de Pesquisa do Cacau, em Ilhéus, Bahia. Buscando identificar fontes de resistência à doença da vassoura de bruxa do cacaueiro, avaliou-se um conjunto de 573 acessos da Coleção de Germoplasma de Cacau deste Centro, para as variáveis número de vassouras vegetativas (VV), de vassouras de almofadadas florais (VA) e total vassouras (VT). E a relação entre o desempenho per se dos acessos e sua capacidade geral de combinação foi analisada usando dados de oito ensaios de progênies, avaliados durante vários anos. Os menores valores para VV, VA e VT foram observados em clones Scavina e seus descendentes, grupos de clones amazônicos e grupos que incluem materiais selecionados para resistência. Este estudo indicou amplas possibilidades de ganho genético e reforçou a constatação de ocorrência de diferentes genes de resistência na espécie. Além disso, indicou evolução do patógeno, aumentando sua virulência sobre materiais resistentes, e a possibilidade de prever o desempenho de progênies a partir do desempenho dos progenitores quando a diferença entre eles é grande. Palavras-chave: Moniliophthora perniciosa, melhoramento de plantas, Theobroma cacao.
650 _aTHEOBROMA CACAO
650 _aMELHORAMENTO VEGETAL
650 _aFUNGO
650 _aDOENÇA DE PLANTA
773 0 _01823
_925162
_dItabuna-BA Comissão Executiva do Plano de Lavoura Cacaueira 1989
_o2023-435741
_tAgrotrópica (Brazil)
_x0103-3816
_gV. 34(3) p. 169-180; (Sep-Dec 2022)
_wBR2023000646
856 _uhttps://www.gov.br/agricultura/pt-br/assuntos/ceplac/publicacoes/revista-agrotropica/artigos/2022/0103-3816-2022v34n3p169-180.pdf
856 _uhttps://www.gov.br/agricultura/pt-br/assuntos/ceplac/publicacoes/revista-agrotropica/revista-volumes/2022/REVISTAAGROTRPICA34.3setadezde2022.pdf
942 _cAnalítica
999 _c9348
_d9348